Basic real and abstract analysis

Αποθηκεύτηκε σε:
Λεπτομέρειες βιβλιογραφικής εγγραφής
Κύριος συγγραφέας: Randolph, John F. (John Fitz), 1904-
Μορφή: Βιβλίο
Γλώσσα:English
Δημοσίευση: New York : Academic Press, c1968
Θέματα:
Ετικέτες: Προσθήκη ετικέτας
Δεν υπάρχουν, Καταχωρήστε ετικέτα πρώτοι!

MARC

LEADER 00000cam a2200000 i 4500
001 1/19922
008 120528s1968 eng d
035 |l 10112605 
040 |a GR-MY-UA  |b gre  |e aacr 
041 0 |a eng 
082 0 |a 515  |2 (22) 
100 1 |a Randolph, John F.   |q (John Fitz),   |d 1904- 
245 1 0 |a Basic real and abstract analysis /  |c John F. Randolph 
260 |a New York :   |b Academic Press,   |c c1968 
300 |a ix, 515 σ.;  |b εικ.;  |c 25 εκ. 
504 |a Βιβλιογραφία: σ.505-506. Ευρετήριο 
650 0 0 |a Mathematical analysis. 
852 |a INST  |b SAMOS  |e 20120528  |h 515 RAN  |p 005300033765  |q 005300033765  |t BK  |y 0 
901 |a BIBL3-2012-2 
909 |a Σ  |b 172295 
970 |a ΚΟΣΙΕΡΗΣ  |b ΧΡΗΣΤΟΣ  |z 2012/05/28